[Event "Moscow Open F"]
[Site "?"]
[Date "2017.02.03"]
[Round "8.3"]
[White "Mokshanov, Alexey"]
[Black "Nikologorskiy, Konstantin"]
[Result "0-1"]
[BlackElo "2416"]
[WhiteElo "2413"]
[LiveChessVersion "1.4.8"]

1. e4 {[%clk 1:30:59]} c5 {[%clk 1:30:55]} 2. Nf3 {[%clk 1:31:24]} d6
{[%clk 1:31:22]} 3. Bb5+ {[%clk 1:31:49]} Nc6 {[%clk 1:31:39]} 4. O-O
{[%clk 1:31:31]} Bg4 {[%clk 1:30:53]} 5. c3 {[%clk 1:29:21]} Nf6 {[%clk 1:07:27]}
6. d4 {[%clk 1:23:04]} cxd4 {[%clk 1:04:07]} 7. cxd4 {[%clk 1:23:20]} d5
{[%clk 1:04:16]} 8. e5 {[%clk 1:20:54]} Nd7 {[%clk 0:49:39]} 9. Nc3
{[%clk 1:16:53]} e6 {[%clk 0:49:30]} 10. Be3 {[%clk 1:15:36]} Be7
{[%clk 0:41:05]} 11. h3 {[%clk 1:09:48]} Bh5 {[%clk 0:39:17]} 12. Be2
{[%clk 1:06:03]} O-O {[%clk 0:38:55]} 13. Rc1 {[%clk 1:04:38]} Rc8
{[%clk 0:38:02]} 14. Nd2 {[%clk 0:59:36]} Bg6 {[%clk 0:35:45]} 15. f4
{[%clk 0:55:18]} Nb6 {[%clk 0:33:47]} 16. g4 {[%clk 0:50:12]} f5 {[%clk 0:29:32]}
17. g5 {[%clk 0:49:25]} a6 {[%clk 0:28:03]} 18. h4 {[%clk 0:49:48]} Na5
{[%clk 0:27:28]} 19. b3 {[%clk 0:48:32]} Rc7 {[%clk 0:25:49]} 20. Ncb1
{[%clk 0:43:24]} Nc6 {[%clk 0:25:45]} 21. Nf3 {[%clk 0:37:07]} Qd7
{[%clk 0:23:20]} 22. Qd2 {[%clk 0:36:37]} Rfc8 {[%clk 0:23:00]} 23. Qb2
{[%clk 0:35:19]} Bh5 {[%clk 0:20:50]} 24. Kg2 {[%clk 0:32:06]} Qd8
{[%clk 0:17:08]} 25. Rc3 {[%clk 0:30:15]} a5 {[%clk 0:09:31]} 26. a4
{[%clk 0:27:30]} h6 {[%clk 0:06:34]} 27. Rfc1 {[%clk 0:25:53]} Bb4
{[%clk 0:05:14]} 28. R3c2 {[%clk 0:25:54]} Qe7 {[%clk 0:05:30]} 29. Bd3
{[%clk 0:15:50]} Nd7 {[%clk 0:05:24]} 30. Qa1 {[%clk 0:16:05]} Nf8
{[%clk 0:05:23]} 31. Qb2 {[%clk 0:11:28]} Ng6 {[%clk 0:05:28]} 32. Rh1
{[%clk 0:10:51]} Qf8 {[%clk 0:02:12]} 33. Kg3 {[%clk 0:10:38]} Qd8
{[%clk 0:01:58]} 34. Rcc1 {[%clk 0:09:45]} Na7 {[%clk 0:01:37]} 35. Rxc7
{[%clk 0:08:54]} Rxc7 {[%clk 0:02:06]} 36. Ne1 {[%clk 0:05:04]} Qc8
{[%clk 0:01:50]} 37. Ng2 {[%clk 0:05:23]} Nc6 {[%clk 0:01:35]} 38. Rc1
{[%clk 0:05:10]} Nge7 {[%clk 0:01:20]} 39. Kf2 {[%clk 0:04:31]} Bg4
{[%clk 0:00:55]} 40. Bf1 {[%clk 0:02:53]} Kf7 {[%clk 0:01:03]} 41. Bd3
{[%clk 0:01:15]} Ng6 {[%clk 0:01:16]} 42. Bf1 {[%clk 0:01:37]} Nge7
{[%clk 0:00:47]} 43. Bd3 {[%clk 0:02:03]} Na7 {[%clk 0:00:51]} 44. Rxc7
{[%clk 0:02:21]} Qxc7 {[%clk 0:01:19]} 45. Qc2 {[%clk 0:02:12]} Nec6
{[%clk 0:01:39]} 46. Qc1 {[%clk 0:01:46]} Qb6 {[%clk 0:01:58]} 47. Qb2
{[%clk 0:01:41]} Bd1 {[%clk 0:02:27]} 48. Nd2 {[%clk 0:01:17]} Bxd2
{[%clk 0:02:41]} 49. Qxd2 {[%clk 0:01:40]} Qxb3 {[%clk 0:02:35]} 50. Ne1
{[%clk 0:01:44]} Qxa4 {[%clk 0:02:52]} 51. Qc1 {[%clk 0:01:58]} Bb3
{[%clk 0:02:18]} 52. gxh6 {[%clk 0:02:22]} gxh6 {[%clk 0:02:43]} 53. Be2
{[%clk 0:02:36]} Qa2 {[%clk 0:03:01]} 54. Kf3 {[%clk 0:01:57]} Bc4
{[%clk 0:03:23]} 55. Bxc4 {[%clk 0:02:23]} Qxc4 {[%clk 0:03:43]} 56. Qb2
{[%clk 0:02:50]} Nb5 {[%clk 0:03:48]} 0-1

[Event "Moscow Open F"]
[Site "?"]
[Date "2017.02.03"]
[Round "8.4"]
[White "Lugovskoy, Maxim"]
[Black "Shapkin, Anatoliy"]
[Result "0-1"]
[BlackElo "2266"]
[WhiteElo "2425"]
[LiveChessVersion "1.4.8"]

1. e4 {[%clk 1:26:38]} e5 {[%clk 1:27:58]} 2. Nf3 {[%clk 1:27:01]} Nc6
{[%clk 1:28:20]} 3. Nc3 {[%clk 1:27:27]} Nf6 {[%clk 1:28:43]} 4. Bb5
{[%clk 1:27:54]} Bd6 {[%clk 1:29:01]} 5. d3 {[%clk 1:28:07]} h6 {[%clk 1:29:15]}
6. h3 {[%clk 1:28:06]} O-O {[%clk 1:28:51]} 7. g4 {[%clk 1:28:04]} Nd4
{[%clk 1:24:18]} 8. g5 {[%clk 1:27:28]} hxg5 {[%clk 1:18:40]} 9. Bxg5
{[%clk 1:27:30]} c6 {[%clk 1:18:41]} 10. Bc4 {[%clk 1:25:13]} b5 {[%clk 1:17:58]}
11. Bb3 {[%clk 1:25:36]} Nxf3+ {[%clk 1:12:57]} 12. Qxf3 {[%clk 1:26:00]} Be7
{[%clk 1:13:16]} 13. Rg1 {[%clk 1:22:53]} Ne8 {[%clk 1:06:35]} 14. Bh6
{[%clk 1:16:44]} Bh4 {[%clk 0:59:11]} 15. O-O-O {[%clk 1:13:35]} Qf6
{[%clk 0:52:03]} 16. Qh5 {[%clk 1:13:40]} b4 {[%clk 0:45:20]} 17. Rg6
{[%clk 1:04:04]} bxc3 {[%clk 0:43:07]} 18. Rxf6 {[%clk 1:03:27]} cxb2+
{[%clk 0:43:20]} 19. Kb1 {[%clk 1:03:17]} Bxf6 {[%clk 0:43:27]} 20. Rg1
{[%clk 1:03:40]} d6 {[%clk 0:41:16]} 21. d4 {[%clk 1:03:23]} Be6 {[%clk 0:39:37]}
22. dxe5 {[%clk 1:03:40]} Bxe5 {[%clk 0:39:51]} 23. f4 {[%clk 0:57:40]} Bd4
{[%clk 0:39:42]} 24. Rg2 {[%clk 0:56:31]} Bxb3 {[%clk 0:36:52]} 25. cxb3
{[%clk 0:56:30]} f5 {[%clk 0:36:21]} 26. Qe2 {[%clk 0:49:31]} Rf7
{[%clk 0:35:12]} 27. e5 {[%clk 0:48:41]} dxe5 {[%clk 0:34:50]} 28. fxe5
{[%clk 0:49:00]} Nc7 {[%clk 0:31:44]} 29. Qc4 {[%clk 0:33:55]} Bxe5
{[%clk 0:31:26]} 30. Qc5 {[%clk 0:24:04]} Bf6 {[%clk 0:27:57]} 31. Bg5
{[%clk 0:24:21]} f4 {[%clk 0:19:08]} 32. Bxf6 {[%clk 0:22:59]} Rxf6
{[%clk 0:17:05]} 33. Kxb2 {[%clk 0:21:34]} f3 {[%clk 0:17:00]} 34. Rf2
{[%clk 0:22:00]} Re8 {[%clk 0:16:55]} 35. Qc4+ {[%clk 0:21:05]} Nd5
{[%clk 0:17:02]} 36. a4 {[%clk 0:20:40]} a5 {[%clk 0:16:28]} 37. Ka3
{[%clk 0:21:01]} Re3 {[%clk 0:15:46]} 38. h4 {[%clk 0:17:17]} g6 {[%clk 0:15:32]}
39. h5 {[%clk 0:14:27]} gxh5 {[%clk 0:15:26]} 40. Qa6 {[%clk 0:14:52]} Nc3
{[%clk 0:05:54]} 41. Qxa5 {[%clk 0:12:49]} Ne4 {[%clk 0:06:05]} 42. Rf1
{[%clk 0:07:12]} f2 {[%clk 0:06:29]} 43. Qa8+ {[%clk 0:06:04]} Rf8
{[%clk 0:06:27]} 44. Qxc6 {[%clk 0:06:30]} Rff3 {[%clk 0:06:11]} 45. Qg6+
{[%clk 0:02:10]} Kf8 {[%clk 0:06:36]} 46. Qh6+ {[%clk 0:02:00]} Ke7
{[%clk 0:06:51]} 47. Qg7+ {[%clk 0:02:11]} Ke6 {[%clk 0:07:08]} 48. Qg6+
{[%clk 0:02:15]} Nf6 {[%clk 0:07:04]} 49. Qc2 {[%clk 0:01:36]} Ne4
{[%clk 0:07:08]} 50. Qc4+ {[%clk 0:01:55]} Ke5 {[%clk 0:07:12]} 51. Qc7+
{[%clk 0:02:03]} Ke6 {[%clk 0:06:52]} 52. Qc8+ {[%clk 0:02:01]} Ke7
{[%clk 0:06:56]} 53. Kb4 {[%clk 0:02:16]} Rxb3+ {[%clk 0:07:04]} 54. Ka5
{[%clk 0:02:42]} Nd6 {[%clk 0:06:49]} 55. Qc7+ {[%clk 0:02:29]} Ke6
{[%clk 0:07:14]} 56. Qc2 {[%clk 0:01:57]} Rf5+ {[%clk 0:04:16]} 57. Ka6
{[%clk 0:02:25]} Rbf3 {[%clk 0:04:44]} 58. Qd2 {[%clk 0:01:57]} R3f4
{[%clk 0:03:46]} 59. Qe3+ {[%clk 0:01:15]} Re4 {[%clk 0:03:31]} 60. Qb3+
{[%clk 0:01:34]} Nc4 {[%clk 0:03:09]} 61. Qc2 {[%clk 0:00:34]} Ra5+
{[%clk 0:02:43]} 62. Kb7 {[%clk 0:01:03]} Nd6+ {[%clk 0:03:12]} 63. Kb6
{[%clk 0:01:02]} Raxa4 {[%clk 0:03:21]} 64. Qb3+ {[%clk 0:00:31]} Ke7
{[%clk 0:03:24]} 65. Kc6 {[%clk 0:00:31]} Rec4+ {[%clk 0:03:24]} 66. Kd5
{[%clk 0:01:01]} Ra5+ {[%clk 0:03:49]} 0-1

[Event "Moscow Open F"]
[Site "?"]
[Date "2017.02.03"]
[Round "8.5"]
[White "Vaseptsov, Maxim"]
[Black "Dzhaumutbaev, Erzhan"]
[Result "1/2-1/2"]
[BlackElo "2148"]
[WhiteElo "2348"]
[LiveChessVersion "1.4.8"]

1. e4 {[%clk 1:29:39]} e5 {[%clk 1:18:45]} 2. Nf3 {[%clk 1:28:36]} Nc6
{[%clk 1:15:56]} 3. Bb5 {[%clk 1:26:07]} a6 {[%clk 1:16:24]} 4. Ba4
{[%clk 1:26:31]} Nf6 {[%clk 1:16:51]} 5. O-O {[%clk 1:23:24]} Be7
{[%clk 1:12:28]} 6. d3 {[%clk 1:22:47]} d6 {[%clk 1:12:50]} 7. c3
{[%clk 1:22:37]} O-O {[%clk 1:13:11]} 8. Re1 {[%clk 1:22:00]} Re8
{[%clk 1:12:29]} 9. Nbd2 {[%clk 1:19:19]} Bf8 {[%clk 1:12:51]} 10. Nf1
{[%clk 1:07:34]} h6 {[%clk 1:12:15]} 11. Ng3 {[%clk 1:04:59]} b5 {[%clk 1:11:34]}
12. Bc2 {[%clk 1:05:05]} d5 {[%clk 1:11:30]} 13. Qe2 {[%clk 1:02:50]} Bb7
{[%clk 1:08:49]} 14. h3 {[%clk 1:01:12]} g6 {[%clk 1:08:15]} 15. Nh2
{[%clk 1:00:33]} dxe4 {[%clk 1:08:32]} 16. dxe4 {[%clk 1:00:40]} Na5
{[%clk 1:04:56]} 17. Qf3 {[%clk 0:49:42]} Qe7 {[%clk 1:01:16]} 18. Ngf1
{[%clk 0:40:26]} Nc4 {[%clk 0:58:27]} 19. Ne3 {[%clk 0:36:24]} Nd6
{[%clk 0:46:58]} 20. Neg4 {[%clk 0:30:36]} Nfxe4 {[%clk 0:43:44]} 21. Nxh6+
{[%clk 0:26:28]} Bxh6 {[%clk 0:43:02]} 22. Bxh6 {[%clk 0:26:33]} Qh4
{[%clk 0:43:08]} 23. Bc1 {[%clk 0:22:43]} f5 {[%clk 0:41:19]} 24. Nf1
{[%clk 0:22:02]} Kg7 {[%clk 0:31:19]} 25. Bxe4 {[%clk 0:18:05]} Bxe4
{[%clk 0:29:33]} 26. Qg3 {[%clk 0:13:08]} Qh7 {[%clk 0:23:48]} 27. f3
{[%clk 0:10:55]} f4 {[%clk 0:24:13]} 28. Qf2 {[%clk 0:11:24]} Bf5
{[%clk 0:19:37]} 29. Rxe5 {[%clk 0:09:54]} Rxe5 {[%clk 0:17:43]} 30. Qd4
{[%clk 0:10:23]} g5 {[%clk 0:17:48]} 31. Qxe5+ {[%clk 0:10:28]} Kg6
{[%clk 0:18:15]} 32. Bd2 {[%clk 0:08:12]} Re8 {[%clk 0:18:25]} 33. Qd4
{[%clk 0:06:40]} Re2 {[%clk 0:13:55]} 34. Re1 {[%clk 0:06:53]} Qe7
{[%clk 0:14:03]} 35. Rxe2 {[%clk 0:06:33]} Qxe2 {[%clk 0:14:32]} 36. Qf2
{[%clk 0:05:25]} Qd3 {[%clk 0:12:29]} 37. Qe1 {[%clk 0:04:34]} Nc4
{[%clk 0:10:42]} 38. Bc1 {[%clk 0:03:09]} Qb1 {[%clk 0:10:41]} 39. h4
{[%clk 0:02:54]} gxh4 {[%clk 0:08:54]} 40. Qe8+ {[%clk 0:02:39]} Kg7
{[%clk 0:09:07]} 41. Qe7+ {[%clk 0:02:05]} Kg6 {[%clk 0:09:14]} 42. Qe8+
{[%clk 0:00:51]} Kg7 {[%clk 0:09:43]} 43. Qe1 {[%clk 0:00:49]} h3
{[%clk 0:07:05]} 44. gxh3 {[%clk 0:00:41]} Bxh3 {[%clk 0:07:04]} 45. Kh2
{[%clk 0:00:35]} Bxf1 {[%clk 0:04:02]} 46. Qxf1 {[%clk 0:01:04]} Kf6
{[%clk 0:03:50]} 47. Qd1 {[%clk 0:00:36]} Ne5 {[%clk 0:03:10]} 48. Qd8+
{[%clk 0:00:48]} Ke6 {[%clk 0:03:23]} 49. Qe8+ {[%clk 0:00:34]} Kd5
{[%clk 0:03:31]} 50. Bxf4 {[%clk 0:00:42]} Qxb2+ {[%clk 0:03:17]} 51. Kg3
{[%clk 0:00:38]} Qxc3 {[%clk 0:03:35]} 52. Qd8+ {[%clk 0:00:40]} Kc6
{[%clk 0:03:44]} 53. Qe8+ {[%clk 0:00:36]} Kd5 {[%clk 0:04:01]} 54. Qd8+
{[%clk 0:00:46]} Kc6 {[%clk 0:04:15]} 55. Qf6+ {[%clk 0:00:43]} Kd5
{[%clk 0:04:40]} 56. Qd8+ {[%clk 0:00:39]} 1/2-1/2

[Event "Moscow Open F"]
[Site "?"]
[Date "2017.02.03"]
[Round "8.6"]
[White "Ivlev, Aleksey"]
[Black "Vasilyev, Vasily"]
[Result "1-0"]
[BlackElo "2320"]
[WhiteElo "2259"]
[LiveChessVersion "1.4.8"]

1. e4 {[%clk 1:30:59]} c5 {[%clk 1:29:25]} 2. Nf3 {[%clk 1:31:23]} d6
{[%clk 1:29:51]} 3. d4 {[%clk 1:31:49]} cxd4 {[%clk 1:30:15]} 4. Nxd4
{[%clk 1:32:16]} Nf6 {[%clk 1:30:12]} 5. Nc3 {[%clk 1:32:41]} a6 {[%clk 1:27:50]}
6. Bg5 {[%clk 1:33:02]} e6 {[%clk 1:23:08]} 7. f4 {[%clk 1:32:59]} Qc7
{[%clk 1:20:52]} 8. Qf3 {[%clk 1:32:50]} Nbd7 {[%clk 1:19:13]} 9. O-O-O
{[%clk 1:33:01]} b5 {[%clk 1:16:15]} 10. e5 {[%clk 1:11:31]} Bb7 {[%clk 1:15:05]}
11. Qh3 {[%clk 1:11:57]} dxe5 {[%clk 0:56:03]} 12. Nxe6 {[%clk 1:12:23]} fxe6
{[%clk 0:50:06]} 13. Qxe6+ {[%clk 1:12:48]} Be7 {[%clk 0:50:29]} 14. Bxb5
{[%clk 0:59:21]} axb5 {[%clk 0:49:06]} 15. Nxb5 {[%clk 0:59:46]} Qc6
{[%clk 0:48:28]} 16. Nd6+ {[%clk 0:59:45]} Kd8 {[%clk 0:48:45]} 17. Nxb7+
{[%clk 0:57:22]} Kc7 {[%clk 0:39:17]} 18. Qxe7 {[%clk 0:52:08]} Rxa2
{[%clk 0:39:07]} 19. Bxf6 {[%clk 0:50:39]} Ra1+ {[%clk 0:30:40]} 20. Kd2
{[%clk 0:51:00]} Qd5+ {[%clk 0:30:53]} 21. Ke2 {[%clk 0:41:06]} Qe4+
{[%clk 0:10:27]} 22. Kd2 {[%clk 0:41:18]} Qd4+ {[%clk 0:06:10]} 23. Ke2
{[%clk 0:41:39]} Qe4+ {[%clk 0:06:33]} 24. Kd2 {[%clk 0:42:03]} Qd5+
{[%clk 0:06:59]} 25. Ke2 {[%clk 0:39:42]} Qxg2+ {[%clk 0:06:54]} 26. Ke3
{[%clk 0:35:45]} exf4+ {[%clk 0:06:38]} 27. Kd4 {[%clk 0:35:16]} Rxd1+
{[%clk 0:06:42]} 28. Rxd1 {[%clk 0:35:38]} Qxb7 {[%clk 0:06:46]} 29. Bxg7
{[%clk 0:21:31]} Rd8 {[%clk 0:04:15]} 30. Rd3 {[%clk 0:18:31]} Kc8
{[%clk 0:01:58]} 31. Kc3 {[%clk 0:15:53]} f3 {[%clk 0:02:10]} 32. Bd4
{[%clk 0:13:46]} Qc7+ {[%clk 0:01:33]} 33. Kb3 {[%clk 0:13:44]} Qb7+
{[%clk 0:00:38]} 34. Ka2 {[%clk 0:14:06]} Qd5+ {[%clk 0:00:39]} 35. Kb1
{[%clk 0:14:15]} Ne5 {[%clk 0:00:32]} 36. Bxe5 {[%clk 0:14:23]} 1-0

[Event "Moscow Open F"]
[Site "?"]
[Date "2017.02.03"]
[Round "8.7"]
[White "Fotin, Vladimir"]
[Black "Talov, Nikita"]
[Result "1-0"]
[BlackElo "2068"]
[WhiteElo "2315"]
[LiveChessVersion "1.4.8"]

1. e4 {[%clk 1:11:20]} d6 {[%clk 1:29:30]} 2. d4 {[%clk 1:11:23]} Nf6
{[%clk 1:29:54]} 3. Nc3 {[%clk 1:11:30]} Nbd7 {[%clk 1:30:06]} 4. g4
{[%clk 1:08:52]} e5 {[%clk 1:24:36]} 5. g5 {[%clk 1:08:59]} Ng8 {[%clk 1:24:42]}
6. Bc4 {[%clk 1:03:26]} exd4 {[%clk 1:09:43]} 7. Qxd4 {[%clk 1:03:48]} Ne7
{[%clk 1:09:35]} 8. f4 {[%clk 1:03:07]} Nb6 {[%clk 1:08:45]} 9. Bb3
{[%clk 1:02:15]} Nc6 {[%clk 1:08:37]} 10. Qf2 {[%clk 1:02:02]} Na5
{[%clk 0:54:05]} 11. Be3 {[%clk 1:01:42]} Nbc4 {[%clk 0:51:59]} 12. O-O-O
{[%clk 0:59:19]} Bg4 {[%clk 0:50:12]} 13. Rd4 {[%clk 0:59:19]} Nxb3+
{[%clk 0:48:48]} 14. axb3 {[%clk 0:59:30]} Nxe3 {[%clk 0:48:55]} 15. Qxe3
{[%clk 0:59:55]} Be7 {[%clk 0:48:21]} 16. Qg3 {[%clk 0:56:55]} Bd7
{[%clk 0:45:03]} 17. Nf3 {[%clk 0:56:59]} O-O {[%clk 0:38:10]} 18. f5
{[%clk 0:56:26]} f6 {[%clk 0:38:23]} 19. h4 {[%clk 0:49:09]} Bc6 {[%clk 0:35:30]}
20. Rd2 {[%clk 0:48:25]} Bd7 {[%clk 0:28:53]} 21. Nd5 {[%clk 0:46:21]} Kh8
{[%clk 0:28:58]} 22. Rg2 {[%clk 0:44:44]} c6 {[%clk 0:28:00]} 23. Nf4
{[%clk 0:44:29]} Qb6 {[%clk 0:27:39]} 24. Nh5 {[%clk 0:41:40]} Rg8
{[%clk 0:26:21]} 25. Rhg1 {[%clk 0:39:48]} Raf8 26. gxf6 {[%clk 0:33:19]} Bxf6
{[%clk 0:23:54]} 27. Qxd6 {[%clk 0:33:29]} Qe3+ {[%clk 0:22:00]} 28. Kb1
{[%clk 0:32:29]} Qxf3 {[%clk 0:19:41]} 29. Nxf6 {[%clk 0:31:44]} Rxf6
{[%clk 0:19:47]} 30. Qe7 {[%clk 0:30:14]} Bxf5 {[%clk 0:17:51]} 31. exf5
{[%clk 0:28:19]} Qxf5 {[%clk 0:17:42]} 32. Rxg7 {[%clk 0:22:13]} Qf1+
{[%clk 0:16:49]} 33. Rxf1 {[%clk 0:22:36]} Rxf1+ {[%clk 0:17:14]} 34. Ka2
{[%clk 0:22:57]} Rxg7 {[%clk 0:17:39]} 35. Qe8+ {[%clk 0:23:22]} Rg8
{[%clk 0:18:04]} 36. Qe5+ {[%clk 0:23:47]} Rg7 {[%clk 0:18:30]} 37. Qb8+
{[%clk 0:24:11]} Rg8 {[%clk 0:18:56]} 38. Qxb7 {[%clk 0:24:18]} Rf6
{[%clk 0:15:26]} 39. Qxa7 {[%clk 0:22:56]} Rg4 {[%clk 0:14:43]} 40. Qe7
{[%clk 0:22:40]} Rf5 {[%clk 0:08:24]} 41. Qd8+ {[%clk 0:22:33]} Rg8
{[%clk 0:08:04]} 42. Qd4+ {[%clk 0:22:41]} Rg7 {[%clk 0:08:33]} 43. b4
{[%clk 0:22:50]} h5 {[%clk 0:07:39]} 44. Qd6 {[%clk 0:22:48]} Rf3
{[%clk 0:03:14]} 45. c3 {[%clk 0:22:47]} 1-0

[Event "Moscow Open F"]
[Site "?"]
[Date "2017.02.03"]
[Round "8.8"]
[White "Mamatov, Melis"]
[Black "Taalaibekov, Tagir"]
[Result "1/2-1/2"]
[BlackElo "2173"]
[WhiteElo "2168"]
[LiveChessVersion "1.4.8"]

1. c4 {[%clk 1:22:54]} e5 {[%clk 1:30:21]} 2. a3 {[%clk 1:23:20]} a5
{[%clk 1:30:41]} 3. e3 {[%clk 1:23:48]} Nf6 {[%clk 1:30:23]} 4. Qc2
{[%clk 1:24:08]} Bc5 {[%clk 1:30:41]} 5. b3 {[%clk 1:24:31]} d6 {[%clk 1:31:05]}
6. Bb2 {[%clk 1:24:57]} Nc6 {[%clk 1:31:32]} 7. d3 {[%clk 1:25:20]} O-O
{[%clk 1:31:50]} 8. Nd2 {[%clk 1:25:46]} Bf5 {[%clk 1:32:09]} 9. Ngf3
{[%clk 1:26:08]} h6 {[%clk 1:32:33]} 10. Be2 {[%clk 1:26:34]} Re8
{[%clk 1:32:58]} 11. Ne4 {[%clk 1:26:59]} Nxe4 {[%clk 1:32:43]} 12. dxe4
{[%clk 1:27:22]} Bh7 {[%clk 1:33:05]} 13. O-O {[%clk 1:27:42]} Qc8
{[%clk 1:33:08]} 14. Nd2 {[%clk 1:27:45]} f5 {[%clk 1:33:11]} 15. Bd3
{[%clk 1:28:01]} Rf8 {[%clk 1:33:17]} 16. exf5 {[%clk 1:28:22]} Bxf5
{[%clk 1:33:43]} 17. Bxf5 {[%clk 1:28:46]} Qxf5 {[%clk 1:34:01]} 18. Qxf5
{[%clk 1:29:12]} Rxf5 {[%clk 1:34:24]} 19. Ne4 {[%clk 1:29:37]} Ba7
{[%clk 1:34:46]} 20. Bc3 {[%clk 1:29:53]} Raf8 {[%clk 1:34:41]} 21. Bd2
{[%clk 1:30:14]} Bb8 {[%clk 1:33:56]} 22. b4 {[%clk 1:30:34]} axb4
{[%clk 1:34:25]} 23. axb4 {[%clk 1:31:02]} Ne7 {[%clk 1:34:45]} 24. Rfd1
{[%clk 1:31:06]} c6 {[%clk 1:35:03]} 25. Be1 {[%clk 1:31:12]} Nc8
{[%clk 1:32:40]} 26. b5 {[%clk 1:31:00]} Bc7 {[%clk 1:32:51]} 27. bxc6
{[%clk 1:29:17]} bxc6 {[%clk 1:33:12]} 28. Ra6 {[%clk 1:29:44]} Nb6
{[%clk 1:31:10]} 29. Nxd6 {[%clk 1:28:55]} Bxd6 {[%clk 1:31:25]} 30. Rxd6
{[%clk 1:28:41]} Nxc4 {[%clk 1:31:50]} 31. Rdxc6 {[%clk 1:28:36]} Nxe3
{[%clk 1:32:01]} 32. Ra7 {[%clk 1:27:53]} Nd5 {[%clk 1:31:41]} 33. Rg6
{[%clk 1:28:05]} R8f7 {[%clk 1:31:58]} 34. Rxf7 {[%clk 1:28:25]} Kxf7
{[%clk 1:31:49]} 35. Rd6 {[%clk 1:28:26]} Nf6 {[%clk 1:32:05]} 36. f3
{[%clk 1:28:33]} e4 {[%clk 1:32:22]} 37. fxe4 {[%clk 1:28:52]} Nxe4
{[%clk 1:32:48]} 38. Ra6 {[%clk 1:29:03]} Rb5 {[%clk 1:33:04]} 39. Ra1
{[%clk 1:29:18]} Rf5 {[%clk 1:33:25]} 40. Bh4 {[%clk 1:29:25]} g5
{[%clk 1:33:43]} 41. Bg3 {[%clk 1:29:29]} Nxg3 {[%clk 1:34:07]} 42. hxg3
{[%clk 1:29:54]} 1/2-1/2

[Event "Moscow Open F"]
[Site "?"]
[Date "2017.02.03"]
[Round "8.9"]
[White "Bryakin, Mikhail"]
[Black "Shopanov, Akzhan"]
[Result "1-0"]
[BlackElo "2129"]
[WhiteElo "2333"]
[LiveChessVersion "1.4.8"]

1. Na3 {[%clk 1:30:30]} g6 {[%clk 1:27:00]} 2. h4 {[%clk 1:30:54]} Bg7
{[%clk 1:27:22]} 3. h5 {[%clk 1:31:17]} d5 {[%clk 1:27:27]} 4. c4
{[%clk 1:31:41]} c6 {[%clk 1:19:51]} 5. Nf3 {[%clk 1:29:52]} Bg4 {[%clk 1:20:05]}
6. Qb3 {[%clk 1:28:53]} Qb6 {[%clk 1:16:05]} 7. hxg6 {[%clk 1:28:04]} hxg6
{[%clk 1:16:09]} 8. Rxh8 {[%clk 1:28:16]} Bxh8 {[%clk 1:16:34]} 9. e3
{[%clk 1:28:17]} Nf6 {[%clk 1:12:42]} 10. d4 {[%clk 1:26:47]} Nbd7
{[%clk 1:10:56]} 11. Bd2 {[%clk 1:26:18]} O-O-O {[%clk 1:02:05]} 12. Ng5
{[%clk 1:25:04]} Rf8 {[%clk 0:59:42]} 13. f3 {[%clk 1:24:22]} Be6
{[%clk 0:51:51]} 14. O-O-O {[%clk 1:22:56]} c5 {[%clk 0:45:15]} 15. Nxe6
{[%clk 1:20:49]} fxe6 {[%clk 0:45:07]} 16. Bc3 {[%clk 1:19:47]} Bg7
{[%clk 0:40:03]} 17. Bd3 {[%clk 1:14:25]} Bh6 {[%clk 0:38:12]} 18. Bd2
{[%clk 1:14:26]} e5 {[%clk 0:30:16]} 19. Rh1 {[%clk 1:11:56]} Rh8
{[%clk 0:30:35]} 20. Qxb6 axb6 21. Bxg6 {[%clk 1:06:30]} exd4 {[%clk 0:31:00]}
22. Kc2 {[%clk 1:06:36]} dxe3 {[%clk 0:28:53]} 23. Bxe3 {[%clk 1:05:20]} Bg7
{[%clk 0:29:17]} 24. Rxh8+ {[%clk 1:05:38]} Bxh8 {[%clk 0:29:46]} 25. Bf5
{[%clk 1:04:44]} Kd8 {[%clk 0:29:12]} 26. cxd5 {[%clk 1:01:08]} Nxd5
{[%clk 0:29:12]} 27. Bd2 {[%clk 1:00:59]} Ne5 {[%clk 0:27:07]} 28. Be6
{[%clk 0:59:20]} Nc7 {[%clk 0:26:55]} 29. Bg8 {[%clk 0:59:35]} e6
{[%clk 0:25:37]} 30. Bc3 {[%clk 0:58:04]} b5 {[%clk 0:23:55]} 31. Ba5
{[%clk 0:57:41]} Kd7 {[%clk 0:22:26]} 32. Bxc7 {[%clk 0:57:10]} Kxc7
{[%clk 0:22:54]} 33. Bxe6 {[%clk 0:57:07]} b4 {[%clk 0:23:05]} 34. Nb1
{[%clk 0:52:39]} Nc6 {[%clk 0:22:46]} 35. Bg8 {[%clk 0:51:52]} Nd4+
{[%clk 0:22:35]} 36. Kd3 {[%clk 0:52:09]} Nf5 {[%clk 0:22:31]} 37. g4
{[%clk 0:51:39]} Ne7 {[%clk 0:22:35]} 38. Bh7 {[%clk 0:51:39]} Bxb2
{[%clk 0:22:45]} 39. Kc4 {[%clk 0:51:18]} Kd6 {[%clk 0:21:26]} 40. Nd2
{[%clk 0:51:02]} b6 {[%clk 0:19:23]} 41. Kb5 {[%clk 0:50:50]} Bc1
{[%clk 0:16:26]} 42. Nc4+ {[%clk 0:50:39]} Kd5 {[%clk 0:16:53]} 43. Nxb6+
{[%clk 0:50:46]} Kd4 {[%clk 0:16:58]} 44. Be4 {[%clk 0:51:00]} Bd2
{[%clk 0:16:37]} 45. Nc4 {[%clk 0:51:11]} Bf4 {[%clk 0:16:11]} 46. Na5
{[%clk 0:51:04]} Nc8 {[%clk 0:08:39]} 47. Nc6+ {[%clk 0:50:44]} Kc3
{[%clk 0:02:30]} 48. Kxc5 {[%clk 0:50:59]} 1-0

[Event "Moscow Open F"]
[Site "?"]
[Date "2017.02.03"]
[Round "8.10"]
[White "Samusenko, Maksim"]
[Black "Platonov, Dmitriy"]
[Result "1-0"]
[BlackElo "2109"]
[WhiteElo "2333"]
[LiveChessVersion "1.4.8"]

1. d4 {[%clk 1:30:28]} Nf6 {[%clk 1:30:53]} 2. Bf4 {[%clk 1:30:08]} b6
{[%clk 1:31:14]} 3. e3 {[%clk 1:29:33]} Bb7 {[%clk 1:31:36]} 4. Nf3
{[%clk 1:29:51]} d6 {[%clk 1:31:49]} 5. Bd3 {[%clk 1:28:15]} g6 {[%clk 1:31:57]}
6. O-O {[%clk 1:27:26]} Bg7 {[%clk 1:32:21]} 7. h3 {[%clk 1:25:11]} O-O
{[%clk 1:32:26]} 8. Nbd2 {[%clk 1:25:10]} Nbd7 {[%clk 1:32:31]} 9. c3
{[%clk 1:19:57]} Re8 {[%clk 1:32:53]} 10. Bh2 {[%clk 1:07:12]} e5
{[%clk 1:32:07]} 11. dxe5 {[%clk 1:06:34]} Nxe5 {[%clk 1:30:18]} 12. Bb5
{[%clk 1:04:24]} Nfd7 {[%clk 1:05:54]} 13. a4 {[%clk 0:56:56]} a6
{[%clk 1:05:05]} 14. Be2 {[%clk 0:56:52]} Qe7 {[%clk 0:58:23]} 15. Qc2
{[%clk 0:51:07]} Rad8 {[%clk 0:52:07]} 16. Rfd1 {[%clk 0:45:27]} Nxf3+
{[%clk 0:40:17]} 17. Bxf3 {[%clk 0:42:43]} Bxf3 {[%clk 0:40:36]} 18. Nxf3
{[%clk 0:43:11]} Qe4 {[%clk 0:40:17]} 19. Qe2 {[%clk 0:33:57]} Qb7
{[%clk 0:40:05]} 20. Nd4 {[%clk 0:26:04]} Nc5 {[%clk 0:40:15]} 21. Qc2
{[%clk 0:25:37]} Ne4 {[%clk 0:39:50]} 22. Ne2 {[%clk 0:21:34]} Nc5
{[%clk 0:35:05]} 23. b4 {[%clk 0:20:44]} Ne4 {[%clk 0:35:07]} 24. Rac1
{[%clk 0:19:48]} Qc6 {[%clk 0:21:08]} 25. Qb3 {[%clk 0:14:54]} a5
{[%clk 0:13:43]} 26. f3 {[%clk 0:12:52]} Nf6 {[%clk 0:07:15]} 27. e4
{[%clk 0:12:57]} Ra8 {[%clk 0:06:37]} 28. Nd4 {[%clk 0:10:19]} Qb7
{[%clk 0:06:53]} 29. Rc2 {[%clk 0:09:32]} Nd7 {[%clk 0:06:20]} 30. Nb5
{[%clk 0:08:52]} Qc6 {[%clk 0:03:42]} 31. Rcd2 {[%clk 0:07:08]} Ne5
{[%clk 0:03:29]} 32. Rd4 {[%clk 0:06:45]} g5 {[%clk 0:02:25]} 33. Bxe5
{[%clk 0:06:27]} Rxe5 {[%clk 0:02:14]} 34. Rc4 {[%clk 0:06:44]} Qe8
{[%clk 0:01:26]} 35. Nxc7 {[%clk 0:06:56]} Qb8 {[%clk 0:01:29]} 36. Nxa8
{[%clk 0:06:49]} Qxa8 {[%clk 0:01:53]} 37. Rc7 {[%clk 0:06:37]} Qf8
{[%clk 0:02:05]} 38. Rxd6 {[%clk 0:05:49]} Re7 {[%clk 0:01:58]} 39. Rd8
{[%clk 0:04:00]} Rd7 {[%clk 0:02:11]} 40. Rcxd7 {[%clk 0:04:00]} 1-0